01858nam a22003257i 4500001001400000003000700014005001700021006001900038007000600057008004100063010001700104020001800121040006000139041000800199042001400207050002100221245009900242246004600341260005500387300004600442504004100488520073900529650004801268700003901316700003101355700003001386942000801416952009301424999001501517ssj0003244362WaSeSS20251008094701.0m d cr n231115s2024 gw a sb 000 0 eng d a 2023950563 a9783110763263 aYDXbengcYDXdOCLCOdYDXdOHXdOCLCOdRDFdDLCdWaSeSS aeng alccopycat00aQ223b.A125 202400a50 essentials on science communicationc/ edited by Jean Paul Bertemes, Serge Haan, Dirk Hans.30aFifty essentials on science communication aBerlin ;aBoston :bWalter De Gruyter GmbH,c2024. a135 pages :bcolor illustrations ;c21 cm aIncludes bibliographical references. aScience communication is becoming increasingly important. Research institutions, scientists and science communicators want to engage with society, share their knowledge and build trust. At the same time, it is about competition for research funds and top personnel. So how do you get it right – and what do you need to consider when developing your communication strategy? This handy and entertaining book provides the basics of goal-oriented science communication. It is aimed at career-building scientists and anyone who wants to take their first steps in the field of science communication. Experienced international authors in the field share their essential thoughts on important aspects of contemporary science communication. 0aCommunication in the social sciences924316 aBertemes, Jean Paul926052eeditor aHaan, Serge926053eeditor aHans, Dirk926054eeditor 2lcc 00102lcc4070aTBSbTBSd2025-10-08l0oQ223 BERpB07657r2025-10-08t1w2025-10-08y1 c5017d5017